Vista normal Vista MARC

Entrada Personal Name

Número de registros utilizados en: 1

001 - CONTROL NUMBER

  • control field: 64504

003 - CONTROL NUMBER IDENTIFIER

  • control field: OSt

005 - DATE AND TIME OF LATEST TRANSACTION

  • control field: 20250901154625.0

008 - FIXED-LENGTH DATA ELEMENTS

  • fixed length control field: 250901|| aca||aabn | a|a d

040 ## - CATALOGING SOURCE

  • Original cataloging agency: OSt
  • Transcribing agency: OSt

100 ## - HEADING--PERSONAL NAME

  • Personal name: Sachs, Jeffrey David,
  • Dates associated with a name: 1954-

670 ## - SOURCE DATA FOUND

  • Source citation: Work cat.: (OSt)58970: Sachs, Jeffrey David, 1954- aut, La era del desarrollo sostenible :









Instituto Departamental de Cultura del Meta - Red Departamental de Bibliotecas Públicas del Meta.